000 01445cam a2200373 i 4500
001 on1265040760
003 OCoLC
005 20210921131107.0
008 210825t20212021nyuaf 000 0aeng d
010 _a 2021940335
020 _a9781538704196 (hardcover)
020 _a1538704196 (hardcover)
035 _a(OCoLC)1265040760
_z(OCoLC)1230232937
_z(OCoLC)1262791210
035 _a1717097
040 _aNjBwBT
_beng
_erda
_cOQX
_dOQX
_dYDX
_dBDX
_dMJ8
_dOCLCQ
_dOCLCO
_dOI6
_dIH9
_dDAD
043 _ae-uk---
092 _a92 Mil
100 1 _aMills, Hayley,
_eauthor.
_939966
245 1 0 _aForever young :
_ba memoir /
_cHayley Mills.
250 _aFirst edition.
264 1 _aNew York :
_bGrand Cenral Publishing,
_c2021.
264 4 _c©2021.
300 _a377 pages, 16 unnumbered pages of plates :
_billustrations (some color) ;
_c24 cm.
336 _atext
337 _aunmediated
338 _avolume
520 _aThe iconic actress looks back on her days as a child star for Disney, as well as the challenges of dealing with an industry that wanted her to remain to bound to a wholesome, youthful public image.
600 1 0 _aMills, Hayley.
_939966
650 0 _aChild actors
_vBiography.
_96428061
650 0 _aMotion picture actors and actresses
_zGreat Britain
_vBiography.
_95753576
655 7 _aAutobiographies.
_2lcgft.
907 _a.b456811977
942 _2ddc
_cBOOK
999 _c365363
_d365363